AK’s General Knowledge A-Z #97 - Statistics

General Stats
  • This quiz has been taken 212 times
  • The average score is 15 of 26
Answer Stats
Hint Answer % Correct
C – the basic unit of a living organism, or short for mobile phone Cell
95%
Y – a form of singing, originally used by herders calling their flocks or to communicate between Alpine villages Yodel
89%
O – the 2nd largest province by total area in Canada Ontario
85%
K – South Korean car manufacturer, or New Zealand greeting “___ ora” Kia
82%
L – what every metaphorical cloud has of silver colour Lining
81%
G – Lac Léman at the French-Swiss border is also known as Lake ______ Geneva
78%
M – not communicative, not dad Mum
77%
T – precedes break, follows bow Tie
76%
U – not expected, or American documentary TV program ________ Suspects Unusual
70%
W – Erysimum (a genus of flowering plants), or The Perks of Being a __________ Wallflower
67%
I – G.I. (e.g. G.I. Joe) originally stood for Galvanized ____ Iron
66%
N – NSFW is ___ ____ For Work Not Safe
64%
D – a place to sleep; its anagram is “dirty room” Dormitory
63%
Q – the last imperial dynasty in Chinese history Qing
63%
V – the capital of Lithuania Vilnius
63%
E – country where the last battle or “skirmish” occurred on 18 December 1745 (if you don’t count a bit of tussling in 1838 and 1940) England
57%
Z – virus that caused an epidemic in 2015–2016 in the Americas (____ fever) Zika
54%
B – “There's a lady who's sure; All that glitters is gold; And she's ______ a stairway to heaven …” Buying
49%
P – agricultural goods, or what Aphex Twin does to albums Produce
49%
S – a children's card game where players claim pairs of matching cards, or what someone suffering a mental breakdown does Snap
48%
R – authors Anne ____ and Edgar ____ Burroughs Rice
46%
J – first name of Thorpe, the first Native American to win a gold medal for the U.S. in the Olympics Jim
43%
A – Tajikistan was part of Uzbekistan as an __________ republic before becoming a full-fledged Soviet republic in 1929 Autonomous
26%
F – Johann Sebastian Bach’s 18th century hit “Toccata and _____” Fugue
22%
H – an alien in Avengers Assemble, a sponge-like moon of Saturn, or Titan who fathered Helios Hyperion
6%
X – a people in Ethiopia speaking the Xamtanga language Xamir
2%
No matching quizzes found
Score Distribution
Percent of People with Each Score
Percentile by Number Answered
Your Score History
You have not taken this quiz